000 01103cab a2200325 4500
001 ABS50505
008 090401t1994 xxu||||| |||| 00| 0 eng d
035 _a(Sirsi) u76221
041 _aeng
100 _aWoodward Thorne, J.
245 _aGreen belts and `institutions standing in extensive grounds`
260 _c1994
350 _a0
490 _aJournal of Planning and Environment Law
_v(1994) JPL 308-313(6)
520 _aConsiders the revision of PPG2 with regard to the category of institutions in extensive grounds and the difficulties of definition.
650 _aBARNET MEETING ROOM TRUST V SOS ENVIRONMENT
650 _aEXTENSIVE GROUNDS
650 _aGREEN BELTS
650 _aHOSPITALS
650 _aINSTITUTIONS
650 _aNORTHAVON DC V SOS ENVIRONMENT
650 _aPEHRSSON V SOS ENVIRONMENT AND ANOTHER
650 _aPLANNING POLICY GUIDANCE NOTE 2
650 _aPLANNING POLICY GUIDANCE NOTE 2 (GREEN BELTS)
650 _aRELIGIOUS INSTITUTIONS
690 _aCONSERVATION
690 _aPLANNING LAW AND PRACTICE
942 _n0
948 _c04/03/1997
999 _c47963
_d47963